000 01315cam a2200205 4500500
005 20251214031856.0
041 _afre
042 _adc
100 1 0 _aLacambre, Mathieu
_eauthor
700 1 0 _aBertsch, Ingrid
_eauthor
700 1 0 _aMiele, Cécile
_eauthor
700 1 0 _aClergue, Fabienne
_eauthor
700 1 0 _aMoncany, Anne-Hélène
_eauthor
245 0 0 _aStop: A helpline protecting children by supporting adults
260 _c2025.
500 _a60
520 _aThis article introduces the concepts of calculation, qualculation, and calqulation to analyze consumption decisions. It shows that these processes are not limited to individual actions, but emerge from complex interactions between consumers, market devices, and marketers. Calculation relies on numerical and quantitative tools, qualculation takes into account qualitative elements, and calqulation emphasizes the collective dimension of decisions. Market devices such as price tags, advertisements, and smartphones shape these processes. The author thus proposes to redefine consumption as the product of a composite agencement rather than as a simple individual activity.
786 0 _nRhizome | 94 | 3 | 2025-10-06 | p. 8-9 | 1622-2032
856 4 1 _uhttps://shs.cairn.info/journal-rhizome-2025-3-page-8?lang=en&redirect-ssocas=7080
999 _c1575040
_d1575040